History of Indian and eastern architecture.
Saved in:
| Main Author: | |
|---|---|
| Format: | Book |
| Language: | English |
| Published: |
Cambridge university press
2013.
|
| Tags: |
Add Tag
No Tags, Be the first to tag this record!
|
MARC
| LEADER | 00000nam a22000007a 4500 | ||
|---|---|---|---|
| 008 | 211216b ||||| |||| 00| 0 eng d | ||
| 020 | |a 9781108061452 | ||
| 100 | |a FERGUSSON, James. | ||
| 245 | |a History of Indian and eastern architecture. |c James Fergusson. |g xvi,521. | ||
| 260 | |b Cambridge university press |c 2013. |d Book. |h New York. |i 699327 |i 699328. |l NA200.F37 |m Architecture-History. | ||
| 500 | |a "It includes references and index" | ||
| 942 | |a lcc |c BK |e Olagoke, M.A. |f 16/12/2021. | ||
| 952 | |0 0 |1 0 |2 lcc |4 0 |7 0 |9 3991 |a HOL |b TL |d 2021-12-16 |o NA200.F37 |p 2021-67715 |r 2021-12-16 00:00:00 |t 699328 |w 2021-12-16 |y BK | ||
| 952 | |0 0 |1 0 |2 lcc |4 0 |7 0 |9 3992 |a HOL |b HOL |d 2021-12-16 |o NA200.F37 |p 2021-67716 |r 2021-12-16 00:00:00 |t 699327 |w 2021-12-16 |y BK | ||
| 999 | |c 2001 |d 2001 | ||